Polárna žiara Cesta do údolia trolov

Bibliographic Details
Main Author: Falch, Malin, 1993- (Author, Illustrator)
Other Authors: Mikulášová, Petra, 1983- (Translator)
Format: Book
Language:Slovak
PhysicalDescription:160 strán farebné ilustrácie 24 cm
Published: [Bratislava] Zum Zum production, s.r.o. 2023
ISBN:9788089896189
Edition:Vydanie prvé
Subjects:

MARC

LEADER 00000nam a2200000 4500
001 vtls012236549
003 SK-MaSNL
005 20260301132510.0
008 230808s2023 xo a c 000 c slo
015 |a SNBA2023/09 
020 |a 9788089896189  |q (brožované) 
040 |a SNK  |b slo  |c SNK  |e rda 
041 1 |a slo  |h [nor] 
044 |a xo  |c SK 
072 7 |a 821.11  |x Germánske literatúry  |2 konspekt 
072 7 |a 821-93  |x Literatúra pre deti a mládež (beletria)  |2 konspekt 
080 |a 821-93  |2 2011 
080 |a 821.113.5-3  |2 2011 
080 |a (0:82-312.9)  |2 2011 
080 |a 257.8  |2 2011 
100 1 |a Falch, Malin,  |d 1993-  |4 aut  |4 ill  |9 231006 
240 1 0 |a Nordlys - Reisen til Jotundalen første bok  |l Slovensky 
245 1 0 |a Polárna žiara  |p Cesta do údolia trolov  |c od Malin Falch ; preklad: Petra Mikulášová 
246 3 0 |a Cesta do údolia trolov 
250 |a Vydanie prvé 
264 1 |a [Bratislava]  |b Zum Zum production, s.r.o.  |c 2023 
300 |a 160 strán  |b farebné ilustrácie  |c 24 cm 
336 |a text  |b txt  |2 rdacontent 
336 |a statický obraz  |b sti  |2 rdacontent 
337 |a bez média  |b n  |2 rdamedia 
338 |a zväzok  |b nc  |2 rdacarrier 
500 |a Pravdepodobne preložené z nórčiny 
500 |a Miesto vydania podľa NA ISBN 
650 0 7 |a škandinávska mytológia  |2 SNKPH  |9 140570 
650 0 7 |a Scandinavian mythology  |2 SNKPHeng  |9 313623 
655 7 |a nórske prózy  |2 SNKPH  |9 120415 
655 7 |a literatúra pre deti  |2 SNKPH  |9 87135 
655 7 |a Norwegian prose  |2 SNKPHeng  |9 308448 
655 7 |a Children's literature  |2 SNKPHeng  |9 276039 
655 7 |a vedecko-fantastické príbehy  |2 SNKPH  |9 81655 
655 7 |a science fiction stories  |2 SNKPHeng  |9 313624 
700 1 |a Mikulášová, Petra,  |d 1983-  |4 trl  |9 110161 
700 1 |a Dušička, Jakub  |4 bkd  |9 235824 
787 0 8 |i Zo série:  |t Polárna žiara  |g 1 
852 |a Slovenská národná knižnica 
919 |a 978-80-89896-18-9 
954 |a ilustrované knihy, leporelá, komiksy cudzojazyčné (svetové)  |2 lita 
958 |a LX 
958 |a DB 
958 |a UP 
968 |b NOR 
999 |c 751123  |d 753053 
952 |a SNK  |b SNK  |y PREZ  |7 0  |p 17A1533222  |o snkOSC 30026  |i snk2023/11794  |8 0  |0 0  |1 0  |4 0  |d 2023-08-08  |l 0  |r 2026-02-23 23:31:43  |w 2026-02-23